000 00780nam a2200229Ia 4500
003 GCL
008 140319s9999 xx 000 0 ara d
020 _a4385064977
040 _aGCL /
_cGCL
082 0 4 _a001.6425
_bا ب
100 1 _aاحمد امين الششتاوى
245 1 0 _aبرمجة الصوت /
_cاحمد امين الششتاوى
250 _aالاولى
260 _aالقاهرة :
_bمعهد ناصر للدراسات الالكترونية ،
_c1996
300 _a736 ص ؛
_c30سم
650 0 4 _aالحاسبات الالكترونية
650 0 4 _aالصوت
650 0 4 _aالبرمجة
650 0 4 _aالحاسبات الالكترونية - تصميم
650 0 4 _aالحاسبات الالكترونية - برامج
942 _2ddc
_cBK
999 _c8317
_d8317